Tilastot visalle Sanat - "Sata salamaa" - Vicky Rosti

Klikkaa tästä pelataksesi tätä visaa!

Yleistilastot

  • Tätä visaa on pelattu 217 kertaa
  • Keskiarvotulos 111 / 164

Vastaustilastot

Sanat% Oikein
salamaa
99%
sata
99%
ja
98%
iskee
97%
koko
97%
räjähtää!
96%
tulta
95%
Ei
92%
ei
92%
elämä
92%
jää!
90%
me
90%
voi
90%
jäljelle
89%
toivo
88%
multa,
87%
löydämme
86%
maan
86%
maan.
86%
uuden
86%
meille
85%
rakkauden
85%
rakkauden,
85%
turvaan
85%
vie,
85%
rakkautta
84%
riistää
84%
Minä
83%
On
83%
on
83%
on!
83%
tämän
82%
Kun
81%
kun
81%
paistaa,
81%
aurinkoo
78%
nousemaan.
77%
valmis
77%
vien
77%
laiva
73%
maat,
61%
nousee.
61%
Pimenee
61%
valkeat
61%
lapset
60%
piiloutuu,
59%
Katujen
58%
vaikenevat.
58%
pois,
57%
rajuilma
57%
rakkaus
57%
pelkomme
54%
sydän
54%
viedä
53%
kiinni
52%
lämpenee!
52%
laulupuut
52%
painautuu
52%
Pelätään
52%
Vain
52%
"Vain
52%
mikään
50%
mua
50%
vois.
50%
meidän
32%
niistä
28%
se
28%
yksi
26%
maailmat,
24%
tuhanne
24%
tuolla
22%
ja laiva
21%
meidät
19%
saa
19%
valkeaan.
17%
pelastaa!"
15%
perille
15%
maahan
12%
tään:
12%
Lähelläs
10%
lämpösi
9%
antaa.
8%
vaihdan
8%
unelma
7%
haave
6%
nään,
6%
suojan
6%
uupuvan
6%
Viimeinen
6%
yön
6%
kuiskaten
5%
viimalta
5%
toivossas
4%
Totuuden
4%
liekin
2%
luot
2%

Tulosjakauma

Persentiili vastausten määrän mukaan

Jokaisen tuloksen saaneiden osuus

Tuloshistoriasi

Et ole pelannut tätä visaa